[Event "Hampshire Major"]
[Site "Eastleigh"]
[Date "2012.11.16"]
[Round "1"]
[White "Syed, Ashraf"]
[Black "Moore, Gillian A"]
[Result "0-1"]
[WhiteElo "1648"]
[BlackElo "1760"]
[PlyCount "80"]
[EventDate "2012.11.16"]
[EventType "swiss"]
[EventRounds "6"]
[EventCountry "ENG"]
[SourceTitle "BritBase"]
[Source "John Saunders"]
[SourceDate "2025.01.31"]
[SourceVersion "1"]
[SourceVersionDate "2025.01.31"]
[SourceQuality "1"]

1. d4 Nc6 2. Nf3 d5 3. Bf4 Bg4 4. e3 e6 5. Be2 Bd6 6. Ne5 Bxe2 7. Qxe2 a6 8. a3 Nf6 9. Nd2 O-O 10. O-O Qe7 11. c4 Rfd8 12. Nxc6 bxc6 13. Bxd6 cxd6 14. f4 e5 15. fxe5 dxe5 16. cxd5 cxd5 17. dxe5 Qxe5 18. Nf3 Qd6 19. Rad1 Re8 20. Qd3 Qb6 21. Qd4 Qe6 22. Rfe1 h6 23. Qd3 Rac8 24. Nd4 Qb6 25. b4 Rc4 26. Kh1 Rec8 27. Ne2 Ng4 28. Qf5 Nxe3 29. Qf2 Qe6 30. Rc1 Ng4 31. Qf1 Rxc1 32. Rxc1 Rxc1 33. Nxc1 Qe5 34. Qg1 Qb2 35. h3 Nf2+ 36. Kh2 Qe5+ 37. g3 Qb2 38. Qg2 Qxc1 39. Qxf2 Qxa3 40. Qd2 Qf3 0-1

[Event "Hampshire Major"]
[Site "Eastleigh"]
[Date "2012.11.16"]
[Round "1"]
[White "Wilson, Matthew R"]
[Black "Hurn, Paul AT"]
[Result "1/2-1/2"]
[WhiteElo "1792"]
[BlackElo "1680"]
[PlyCount "58"]
[EventDate "2012.11.16"]
[EventType "swiss"]
[EventRounds "6"]
[EventCountry "ENG"]
[SourceTitle "BritBase"]
[Source "John Saunders"]
[SourceDate "2025.01.31"]
[SourceVersion "1"]
[SourceVersionDate "2025.01.31"]
[SourceQuality "1"]

1. Nf3 Nc6 2. g3 e5 3. d3 Nf6 4. c4 Be7 5. Nc3 O-O 6. Bg2 d5 7. cxd5 Nxd5 8. Qb3 Nb6 9. O-O Be6 10. Qd1 Qd7 11. Re1 Rad8 12. Ng5 Bxg5 13. Bxg5 f6 14. Be3 Nd5 15. Bd2 Nd4 16. a3 Nxc3 17. Bxc3 Bb3 18. Qd2 Nc2 19. Bxb7 Nxa1 20. Rxa1 c6 21. Ba6 Bd5 22. f3 Rb8 23. Ba5 Rb3 24. Bb4 Rb8 25. Rc1 Rb6 26. Bc4 Bxc4 27. Rxc4 a5 28. Qc2 a4 29. Kg2 Qd5 1/2-1/2

[Event "Hampshire Major"]
[Site "Eastleigh"]
[Date "2012.11.17"]
[Round "2"]
[White "Foley, Phil T"]
[Black "Dore, Alexandre"]
[Result "0-1"]
[WhiteElo "1640"]
[BlackElo "1600"]
[PlyCount "57"]
[EventDate "2012.11.16"]
[EventType "swiss"]
[EventRounds "6"]
[EventCountry "ENG"]
[SourceTitle "BritBase"]
[Source "John Saunders"]
[SourceDate "2025.01.31"]
[SourceVersion "1"]
[SourceVersionDate "2025.01.31"]
[SourceQuality "1"]

1. e4 e6 2. Nc3 d5 3. Nf3 c5 4. exd5 exd5 5. Bb5+ Nc6 6. Qe2+ Be6 7. Ng5 Qxg5 8. d4 Qxg2 9. Rf1 Nf6 10. Qe5 a6 11. Bxc6+ bxc6 12. Ne2 Qe4 13. Qc7 Rc8 14. Qb6 cxd4 15. Qxa6 Bb4+ 16. Bd2 Bxd2+ 17. Kxd2 O-O 18. Qa4 d3 19. Qxe4 dxe4 20. cxd3 exd3 21. Nf4 Bf5 22. f3 Rb8 23. b3 Rfe8 24. Rac1 g5 25. Rxc6 gxf4 26. Rxf6 Re2+ 27. Kd1 Bg6 28. Rxf4 Rxa2 29. b4 0-1

[Event "Hampshire Major"]
[Site "Eastleigh"]
[Date "2012.11.17"]
[Round "2"]
[White "French, Max"]
[Black "Venables, Simon"]
[Result "0-1"]
[WhiteElo "1608"]
[BlackElo "1712"]
[PlyCount "48"]
[EventDate "2012.11.16"]
[EventType "swiss"]
[EventRounds "6"]
[EventCountry "ENG"]
[SourceTitle "BritBase"]
[Source "John Saunders"]
[SourceDate "2025.01.31"]
[SourceVersion "1"]
[SourceVersionDate "2025.01.31"]
[SourceQuality "1"]

1. d4 g6 2. c4 Bg7 3. Nf3 d6 4. Nc3 Nf6 5. e4 O-O 6. Be2 Nbd7 7. O-O e5 8. d5 Nc5 9. Bd3 Nxd3 10. Qxd3 Nh5 11. b4 f5 12. c5 fxe4 13. Nxe4 Nf4 14. Qb3 Bg4 15. cxd6 cxd6 16. Ba3 Ne2+ 17. Kh1 Bxf3 18. gxf3 Nd4 19. Qa4 Nxf3 20. b5 Rf4 21. Qc2 Qh4 22. Nf6+ Bxf6 23. Qxg6+ hxg6 24. Kg2 Qxh2# 0-1

[Event "Hampshire Major"]
[Site "Eastleigh"]
[Date "2012.11.17"]
[Round "2"]
[White "Hurn, Paul AT"]
[Black "Ross, David EC"]
[Result "1-0"]
[WhiteElo "1680"]
[BlackElo "1704"]
[PlyCount "43"]
[EventDate "2012.11.16"]
[EventType "swiss"]
[EventRounds "6"]
[EventCountry "ENG"]
[SourceTitle "BritBase"]
[Source "John Saunders"]
[SourceDate "2025.01.31"]
[SourceVersion "1"]
[SourceVersionDate "2025.01.31"]
[SourceQuality "1"]

1. e4 e5 2. Nf3 Nc6 3. d4 exd4 4. Nxd4 Qh4 5. Qd3 Nf6 6. Nd2 d5 7. Nxc6 bxc6 8. exd5 cxd5 9. Nf3 Qe4+ 10. Qxe4+ Nxe4 11. Bb5+ Bd7 12. Bxd7+ Kxd7 13. O-O Bc5 14. Ne5+ Ke6 15. Nd3 Bb6 16. Kh1 Rhe8 17. f3 Nf6 18. Bg5 Kf5 19. h4 Be3 20. g4+ Kg6 21. Bxe3 Rxe3 22. Nf4+ 1-0

[Event "Hampshire Major"]
[Site "Eastleigh"]
[Date "2012.11.17"]
[Round "2"]
[White "Mallon, Gunnar"]
[Black "Conway, Alexander"]
[Result "0-1"]
[WhiteElo "1736"]
[BlackElo "1688"]
[PlyCount "86"]
[EventDate "2012.11.16"]
[EventType "swiss"]
[EventRounds "6"]
[EventCountry "ENG"]
[SourceTitle "BritBase"]
[Source "John Saunders"]
[SourceDate "2025.01.31"]
[SourceVersion "1"]
[SourceVersionDate "2025.01.31"]
[SourceQuality "1"]

1. c4 Nf6 2. Nc3 g6 3. g3 c6 4. e4 d6 5. Bg2 Bg7 6. Nge2 e5 7. O-O O-O 8. d3 Nbd7 9. h3 Qc7 10. f4 a6 11. f5 b5 12. g4 bxc4 13. dxc4 Nb6 14. g5 Nh5 15. f6 Bh8 16. b3 Be6 17. Be3 Rad8 18. Bxb6 Qxb6+ 19. Kh2 Qe3 20. Qc1 Qa7 21. Ng3 Nf4 22. Nge2 Nd3 23. Qd2 Nc5 24. Ng3 Bc8 25. b4 Ne6 26. b5 axb5 27. cxb5 cxb5 28. Nd5 Rfe8 29. Ne7+ Rxe7 30. fxe7 Qxe7 31. h4 Nf4 32. a4 bxa4 33. Rxa4 h6 34. Ne2 hxg5 35. hxg5 Qxg5 36. Nxf4 exf4 37. Ra5 Be5 38. Kg1 Bd4+ 39. Qxd4 Qxa5 40. Rxf4 Qc5 41. e5 Qxe5 42. Qf2 Be6 43. Kh1 Kg7 0-1

[Event "Hampshire Major"]
[Site "Eastleigh"]
[Date "2012.11.17"]
[Round "2"]
[White "Moore, Gillian A"]
[Black "Roberts, Michael"]
[Result "0-1"]
[WhiteElo "1760"]
[BlackElo "1704"]
[PlyCount "110"]
[EventDate "2012.11.16"]
[EventType "swiss"]
[EventRounds "6"]
[EventCountry "ENG"]
[SourceTitle "BritBase"]
[Source "John Saunders"]
[SourceDate "2025.01.31"]
[SourceVersion "1"]
[SourceVersionDate "2025.01.31"]
[SourceQuality "1"]

1. d4 d5 2. Bg5 c5 3. dxc5 Qa5+ 4. Nc3 e6 5. a3 Qxc5 6. Nf3 Be7 7. Qd2 Nf6 8. b4 Qb6 9. Be3 Qc7 10. Bf4 Qb6 11. e3 O-O 12. Bd3 Nc6 13. Nb5 Ne4 14. Qe2 e5 15. Bxe5 Nxe5 16. Nxe5 Bf6 17. f4 a6 18. Nd4 Qc7 19. O-O Bxe5 20. fxe5 Qxe5 21. Nf3 Qc3 22. Nd4 Bd7 23. Nb3 Rae8 24. Qe1 Qc7 25. Rc1 Bb5 26. Nd4 Bc4 27. Qh4 Re5 28. Nf3 Re6 29. Rcd1 Rfe8 30. Nd4 Rh6 31. Qf4 Qd7 32. h4 Rf6 33. Qh2 Qg4 34. Nf3 Ng3 35. Rfe1 Rfe6 36. Bxc4 dxc4 37. Rd4 Re4 38. Red1 Ne2+ 39. Kf2 Nxd4 40. Rxd4 Qe6 41. Rd6 Qf5 42. Rd4 b5 43. Rxe4 Qxe4 44. Qf4 Qxc2+ 45. Kg3 h6 46. Nd4 Qd3 47. Nf5 Re4 48. Qb8+ Kh7 49. Qb7 Rxe3+ 50. Nxe3 Qxe3+ 51. Kh2 c3 52. Qxf7 Qe5+ 53. Kh3 c2 54. Qf1 Qe3+ 55. Kh2 c1=Q 0-1

[Event "Hampshire Major"]
[Site "Eastleigh"]
[Date "2012.11.17"]
[Round "2"]
[White "Russell, Steve J"]
[Black "Wilson, Matthew R"]
[Result "1/2-1/2"]
[WhiteElo "1624"]
[BlackElo "1792"]
[PlyCount "59"]
[EventDate "2012.11.16"]
[EventType "swiss"]
[EventRounds "6"]
[EventCountry "ENG"]
[SourceTitle "BritBase"]
[Source "John Saunders"]
[SourceDate "2025.01.31"]
[SourceVersion "1"]
[SourceVersionDate "2025.01.31"]
[SourceQuality "1"]

1. c4 Nf6 2. g3 c5 3. Bg2 Nc6 4. Nc3 g6 5. Nf3 Bg7 6. O-O O-O 7. a3 d5 8. cxd5 Nxd5 9. Qb3 Nb6 10. d3 Be6 11. Qd1 Qd7 12. Bf4 Rac8 13. Rb1 Nd4 14. Nxd4 cxd4 15. Ne4 Na4 16. Ng5 Ba2 17. Rc1 Nxb2 18. Qd2 Qb5 19. Qb4 Qxb4 20. axb4 Na4 21. Bxb7 Rxc1 22. Rxc1 Nc3 23. Kf1 e5 24. Bd2 Rb8 25. Bf3 Rxb4 26. Bxc3 dxc3 27. Rxc3 Bb3 28. Rc8+ Bf8 29. Nxh7 Kxh7 30. Rxf8 1/2-1/2

[Event "Hampshire Major"]
[Site "Eastleigh"]
[Date "2012.11.17"]
[Round "2"]
[White "Samuels, Henry Alexander"]
[Black "Pope, Michael"]
[Result "1/2-1/2"]
[WhiteElo "1824"]
[BlackElo "1624"]
[PlyCount "75"]
[EventDate "2012.11.16"]
[EventType "swiss"]
[EventRounds "6"]
[EventCountry "ENG"]
[SourceTitle "BritBase"]
[Source "John Saunders"]
[SourceDate "2025.01.31"]
[SourceVersion "1"]
[SourceVersionDate "2025.01.31"]
[SourceQuality "1"]

1. c4 e5 2. Nc3 Nc6 3. g3 f5 4. Bg2 Nf6 5. e3 d6 6. Nge2 Be7 7. O-O O-O 8. a3 a6 9. b4 Qe8 10. Nd5 Bd8 11. Nec3 Ne7 12. Bb2 c6 13. Nxe7+ Qxe7 14. d4 e4 15. d5 cxd5 16. cxd5 Bd7 17. Qb3 Qf7 18. Rfd1 Ng4 19. Ne2 Bf6 20. Rac1 Rac8 21. Bxf6 Qxf6 22. Nf4 Ne5 23. Bf1 Qh6 24. h3 g5 25. Ne6 Rfe8 26. Kg2 Rxc1 27. Rxc1 Bxe6 28. dxe6 Qxe6 29. Qxe6+ Rxe6 30. Rc7 b5 31. a4 bxa4 32. Bxa6 a3 33. Ra7 d5 34. Bc8 Rb6 35. Rxa3 Rxb4 36. Be6+ Kg7 37. Bxf5 Rb2 38. Ra7+ 1/2-1/2

[Event "Hampshire Major"]
[Site "Eastleigh"]
[Date "2012.11.17"]
[Round "2"]
[White "Smith, Steve J"]
[Black "Sullivan, Ken"]
[Result "1-0"]
[WhiteElo "1856"]
[BlackElo "1640"]
[PlyCount "51"]
[EventDate "2012.11.16"]
[EventType "swiss"]
[EventRounds "6"]
[EventCountry "ENG"]
[SourceTitle "BritBase"]
[Source "John Saunders"]
[SourceDate "2025.01.31"]
[SourceVersion "1"]
[SourceVersionDate "2025.01.31"]
[SourceQuality "1"]

1. d4 d5 2. e3 Nf6 3. Bd3 Bg4 4. f3 Bh5 5. c4 e6 6. Nc3 Nbd7 7. cxd5 exd5 8. Nh3 Bg6 9. Nf4 Bxd3 10. Qxd3 c6 11. O-O Be7 12. e4 dxe4 13. Nxe4 O-O 14. Bd2 Qc7 15. Rae1 Rfe8 16. Ng5 Bd6 17. g3 Nf8 18. Ne4 Nxe4 19. Rxe4 Qd7 20. Kg2 Rxe4 21. fxe4 Bxf4 22. Bxf4 Rd8 23. Be3 Ne6 24. Rd1 Nc5 25. Qc2 h6 26. Qxc5 1-0

[Event "Hampshire Major"]
[Site "Eastleigh"]
[Date "2012.11.17"]
[Round "2"]
[White "Stone, Mark R"]
[Black "Syed, Ashraf"]
[Result "1/2-1/2"]
[WhiteElo "1600"]
[BlackElo "1648"]
[PlyCount "44"]
[EventDate "2012.11.16"]
[EventType "swiss"]
[EventRounds "6"]
[EventCountry "ENG"]
[SourceTitle "BritBase"]
[Source "John Saunders"]
[SourceDate "2025.01.31"]
[SourceVersion "1"]
[SourceVersionDate "2025.01.31"]
[SourceQuality "1"]

1. e4 c5 2. Nf3 d6 3. Bb5+ Bd7 4. Bxd7+ Nxd7 5. Qe2 Ngf6 6. O-O e6 7. c3 Qc7 8. d4 Be7 9. Bg5 O-O 10. e5 dxe5 11. dxe5 Nd5 12. Bxe7 Nxe7 13. Na3 a6 14. Nc4 Ng6 15. Rfe1 Nb6 16. Nd6 Rad8 17. Ng5 Nc8 18. Qh5 h6 19. Ngxf7 Rxf7 20. Qxg6 Nxd6 21. exd6 Qxd6 22. Rxe6 Qd2 1/2-1/2

[Event "Hampshire Major"]
[Site "Eastleigh"]
[Date "2012.11.17"]
[Round "3"]
[White "Conway, Alexander"]
[Black "Smith, Steve J"]
[Result "1/2-1/2"]
[WhiteElo "1688"]
[BlackElo "1856"]
[PlyCount "41"]
[EventDate "2012.11.16"]
[EventType "swiss"]
[EventRounds "6"]
[EventCountry "ENG"]
[SourceTitle "BritBase"]
[Source "John Saunders"]
[SourceDate "2025.01.31"]
[SourceVersion "1"]
[SourceVersionDate "2025.01.31"]
[SourceQuality "1"]

1. e4 c5 2. c3 e6 3. d4 d5 4. exd5 Qxd5 5. Be3 cxd4 6. cxd4 Nf6 7. Nc3 Qd8 8. Nf3 Nc6 9. Bd3 Nb4 10. Bb1 Bd7 11. a3 Nbd5 12. Bg5 Be7 13. O-O Rc8 14. Nxd5 Nxd5 15. Bxe7 Qxe7 16. Ne5 O-O 17. Re1 Bc6 18. Qh5 g6 19. Qh6 Qf6 20. h4 Qf4 21. Qg5 1/2-1/2

[Event "Hampshire Major"]
[Site "Eastleigh"]
[Date "2012.11.17"]
[Round "3"]
[White "Foley, Phil T"]
[Black "Mallon, Gunnar"]
[Result "1-0"]
[WhiteElo "1640"]
[BlackElo "1736"]
[PlyCount "69"]
[EventDate "2012.11.16"]
[EventType "swiss"]
[EventRounds "6"]
[EventCountry "ENG"]
[SourceTitle "BritBase"]
[Source "John Saunders"]
[SourceDate "2025.01.31"]
[SourceVersion "1"]
[SourceVersionDate "2025.01.31"]
[SourceQuality "1"]

1. e4 e6 2. Nc3 d5 3. Nf3 c5 4. Bb5+ Bd7 5. exd5 Bxb5 6. Nxb5 exd5 7. O-O Nf6 8. d4 a6 9. Nc3 Nc6 10. Re1+ Be7 11. dxc5 d4 12. Ne2 O-O 13. Nexd4 Nxd4 14. Qxd4 Qxd4 15. Nxd4 Bxc5 16. Nb3 Bb6 17. Be3 Bxe3 18. Rxe3 Rac8 19. c3 Nd5 20. Re4 Rfd8 21. Rae1 b6 22. Nd4 h6 23. Nf5 Kh7 24. Rd4 Nf6 25. Re7 b5 26. Kf1 Rxd4 27. Nxd4 Kg6 28. Ra7 b4 29. cxb4 Rc4 30. Nb3 Rxb4 31. Rxa6 Kf5 32. Ra5+ Kg6 33. Rc5 Ne4 34. Rc2 f5 35. Nd2 1-0

[Event "Hampshire Major"]
[Site "Eastleigh"]
[Date "2012.11.17"]
[Round "3"]
[White "Matthew, Ian G"]
[Black "Russell, Steve J"]
[Result "1/2-1/2"]
[WhiteElo "1752"]
[BlackElo "1624"]
[PlyCount "35"]
[EventDate "2012.11.16"]
[EventType "swiss"]
[EventRounds "6"]
[EventCountry "ENG"]
[SourceTitle "BritBase"]
[Source "John Saunders"]
[SourceDate "2025.01.31"]
[SourceVersion "1"]
[SourceVersionDate "2025.01.31"]
[SourceQuality "1"]

1. e4 e6 2. d4 d5 3. Nd2 dxe4 4. Nxe4 Bd7 5. Bd3 Bc6 6. c3 Nd7 7. Nf3 Ngf6 8. Nxf6+ Nxf6 9. O-O Be7 10. Re1 Bxf3 11. Qxf3 c6 12. Be3 Nd5 13. Bd2 Bg5 14. Rad1 Bxd2 15. Rxd2 Qf6 16. Qxf6 Nxf6 17. c4 O-O 18. Bc2 1/2-1/2

[Event "Hampshire Major"]
[Site "Eastleigh"]
[Date "2012.11.17"]
[Round "3"]
[White "Pope, Michael"]
[Black "Moore, Gillian A"]
[Result "1-0"]
[WhiteElo "1624"]
[BlackElo "1760"]
[PlyCount "129"]
[EventDate "2012.11.16"]
[EventType "swiss"]
[EventRounds "6"]
[EventCountry "ENG"]
[SourceTitle "BritBase"]
[Source "John Saunders"]
[SourceDate "2025.01.31"]
[SourceVersion "1"]
[SourceVersionDate "2025.01.31"]
[SourceQuality "1"]

1. e4 Nf6 2. Nc3 d5 3. exd5 Nxd5 4. Nxd5 Qxd5 5. Qf3 c6 6. Qxd5 cxd5 7. Bb5+ Nc6 8. Nf3 a6 9. Bxc6+ bxc6 10. d4 Bf5 11. c3 h6 12. O-O Rb8 13. b4 e6 14. Bf4 Rb6 15. a4 f6 16. Rfe1 g5 17. Bg3 Kf7 18. h3 Bg7 19. Re2 Re8 20. a5 Rb7 21. Rae1 Be4 22. Nd2 Bd3 23. Re3 Bg6 24. Nb3 Bf8 25. Nd2 h5 26. Nb3 Bc2 27. Nc5 Bxc5 28. dxc5 e5 29. f3 Rbe7 30. h4 g4 31. f4 e4 32. f5 Rd7 33. Bd6 Red8 34. g3 Bd3 35. Kf2 Re8 36. Rd1 Rb7 37. Rd2 d4 38. cxd4 Rxb4 39. d5 cxd5 40. c6 d4 41. Rexd3 exd3 42. Bxb4 Rc8 43. Rxd3 Rxc6 44. Rxd4 Rc2+ 45. Rd2 Rc4 46. Bd6 Rc3 47. Re2 Rf3+ 48. Kg2 Rxf5 49. Bc7 Rc5 50. Bb6 Rd5 51. Rc2 Rd6 52. Rc7+ Kg6 53. Ra7 Rd2+ 54. Kf1 Rd3 55. Rxa6 Rxg3 56. Bd8 Rf3+ 57. Kg2 Kf7 58. Rxf6+ Ke8 59. Rxf3 gxf3+ 60. Kxf3 Kxd8 61. Kf4 Kc7 62. Kg5 Kb7 63. Kxh5 Ka6 64. Kg6 Kxa5 65. h5 1-0

[Event "Hampshire Major"]
[Site "Eastleigh"]
[Date "2012.11.17"]
[Round "3"]
[White "Roberts, Michael"]
[Black "Hurn, Paul AT"]
[Result "1/2-1/2"]
[WhiteElo "1704"]
[BlackElo "1680"]
[PlyCount "46"]
[EventDate "2012.11.16"]
[EventType "swiss"]
[EventRounds "6"]
[EventCountry "ENG"]
[SourceTitle "BritBase"]
[Source "John Saunders"]
[SourceDate "2025.01.31"]
[SourceVersion "1"]
[SourceVersionDate "2025.01.31"]
[SourceQuality "1"]

1. d4 e6 2. e3 Nf6 3. f4 b6 4. Nf3 Bb7 5. Bd3 c5 6. O-O Nc6 7. c3 Be7 8. Nbd2 Na5 9. e4 cxd4 10. cxd4 h6 11. Qe2 O-O 12. e5 Nd5 13. Ne4 d6 14. Bd2 dxe5 15. fxe5 Nb4 16. Bb1 Ba6 17. Qe1 Bxf1 18. Kxf1 Nbc6 19. Qg3 Nxd4 20. Nxd4 Qxd4 21. Bxh6 Qd1+ 22. Kf2 Qd4+ 23. Kf3 Qd1+ 1/2-1/2

[Event "Hampshire Major"]
[Site "Eastleigh"]
[Date "2012.11.17"]
[Round "3"]
[White "Sullivan, Ken"]
[Black "Samuels, Henry Alexander"]
[Result "1/2-1/2"]
[WhiteElo "1640"]
[BlackElo "1824"]
[PlyCount "143"]
[EventDate "2012.11.16"]
[EventType "swiss"]
[EventRounds "6"]
[EventCountry "ENG"]
[SourceTitle "BritBase"]
[Source "John Saunders"]
[SourceDate "2025.01.31"]
[SourceVersion "1"]
[SourceVersionDate "2025.01.31"]
[SourceQuality "1"]

1. e4 c5 2. Nf3 d6 3. d4 cxd4 4. Nxd4 g6 5. Nc3 Bg7 6. Be2 Nf6 7. Be3 Nc6 8. Nb3 a6 9. f4 h5 10. h3 Qc7 11. O-O b5 12. a3 Bb7 13. Bf3 Rc8 14. Nd5 Nxd5 15. exd5 Na5 16. c3 Nc4 17. Bc1 O-O 18. Nd4 Qb6 19. Kh1 Bxd4 20. cxd4 Qa7 21. f5 Qa8 22. Bxh5 Bxd5 23. Kh2 Kg7 24. fxg6 fxg6 25. Bxg6 Be4 26. Bxe4 Qxe4 27. Re1 Qh4 28. b3 Nb6 29. Qd2 Rf2 30. Rxe7+ Kg8 31. Qg5+ Qxg5 32. Bxg5 Rcc2 33. Rg1 Ra2 34. Re6 Nd5 35. Rxd6 Nc3 36. Rxa6 Ne2 37. Be3 Rf7 38. Re1 Re7 39. Ra8+ Kh7 40. Bg5 Rf7 41. b4 Nxd4 42. Re7 Nf3+ 43. Kg3 Nxg5 44. Rxf7+ Nxf7 45. Ra7 Kg6 46. Kf3 Ne5+ 47. Ke4 Nc4 48. g3 Rh2 49. h4 Rg2 50. Kf3 Ra2 51. Rb7 Nxa3 52. Ra7 Ra1 53. Ke2 Ra2+ 54. Kd3 Rg2 55. Kd4 Rxg3 56. Kc5 Rh3 57. Ra6+ Kh5 58. Ra8 Kxh4 59. Rh8+ Kg4 60. Rg8+ Kf5 61. Rf8+ Ke6 62. Re8+ Kd7 63. Rg8 Rh5+ 64. Kb6 Re5 65. Rg7+ Re7 66. Rg5 Re6+ 67. Kc5 Rc6+ 68. Kd5 Rc1 69. Rg7+ Kd8 70. Rg8+ Kd7 71. Rg7+ Ke8 72. Rg4 1/2-1/2

[Event "Hampshire Major"]
[Site "Eastleigh"]
[Date "2012.11.17"]
[Round "3"]
[White "Syed, Ashraf"]
[Black "French, Max"]
[Result "1-0"]
[WhiteElo "1648"]
[BlackElo "1608"]
[PlyCount "83"]
[EventDate "2012.11.16"]
[EventType "swiss"]
[EventRounds "6"]
[EventCountry "ENG"]
[SourceTitle "BritBase"]
[Source "John Saunders"]
[SourceDate "2025.01.31"]
[SourceVersion "1"]
[SourceVersionDate "2025.01.31"]
[SourceQuality "1"]

1. Nf3 Nf6 2. d4 d5 3. Bf4 g6 4. e3 Bg7 5. h3 O-O 6. Bd3 Bd7 7. O-O c5 8. c3 Qb6 9. Qb3 Qxb3 10. axb3 cxd4 11. exd4 Nc6 12. Nbd2 Rfe8 13. Rfe1 Nh5 14. Bh2 Nf6 15. b4 a6 16. b5 axb5 17. Bxb5 e6 18. Ne5 Nxe5 19. dxe5 Bxb5 20. exf6 Bxf6 21. Nf3 Ra6 22. Rxa6 bxa6 23. Be5 Bxe5 24. Nxe5 Rb8 25. Rd1 Ba4 26. Ra1 Bb5 27. b4 f6 28. Ng4 Kf7 29. f4 h5 30. Ne3 g5 31. f5 Rc8 32. Rd1 Rxc3 33. fxe6+ Kxe6 34. Nxd5 Rc4 35. Kf2 Ba4 36. Rd2 Bc2 37. Ne3 Rf4+ 38. Ke2 Ba4 39. Nd5 Bb5+ 40. Ke3 Rf1 41. Nc7+ Ke5 42. Rd5# 1-0

[Event "Hampshire Major"]
[Site "Eastleigh"]
[Date "2012.11.17"]
[Round "3"]
[White "Venables, Simon"]
[Black "Jones, Gareth Aneurin"]
[Result "0-1"]
[WhiteElo "1712"]
[BlackElo "1824"]
[PlyCount "52"]
[EventDate "2012.11.16"]
[EventType "swiss"]
[EventRounds "6"]
[EventCountry "ENG"]
[SourceTitle "BritBase"]
[Source "John Saunders"]
[SourceDate "2025.01.31"]
[SourceVersion "1"]
[SourceVersionDate "2025.01.31"]
[SourceQuality "1"]

1. d4 Nf6 2. c4 g6 3. Nc3 d5 4. e3 Bg7 5. Nf3 O-O 6. Bd2 b6 7. cxd5 Nxd5 8. Bc4 Bb7 9. O-O e6 10. Rc1 Nd7 11. Nb5 N7f6 12. Bxd5 Nxd5 13. e4 a6 14. exd5 axb5 15. dxe6 fxe6 16. Rc3 c5 17. Ng5 Qd5 18. Qg4 Rf5 19. Rd1 Bxd4 20. Be3 e5 21. Bxd4 exd4 22. Nxh7 Qxg2+ 23. Qxg2 Bxg2 24. Rg3 Bf3 25. Rxf3 Rxf3 26. Ng5 Rf5 0-1

[Event "Hampshire Major"]
[Site "Eastleigh"]
[Date "2012.11.17"]
[Round "3"]
[White "Williams, Robin J"]
[Black "Agostinelli, David R"]
[Result "1-0"]
[WhiteElo "1584"]
[BlackElo "1640"]
[PlyCount "51"]
[EventDate "2012.11.16"]
[EventType "swiss"]
[EventRounds "6"]
[EventCountry "ENG"]
[SourceTitle "BritBase"]
[Source "John Saunders"]
[SourceDate "2025.01.31"]
[SourceVersion "1"]
[SourceVersionDate "2025.01.31"]
[SourceQuality "1"]

1. f4 Nf6 2. Nf3 g6 3. b3 Bg7 4. Bb2 O-O 5. e3 c5 6. Be2 Nc6 7. O-O d5 8. d3 Ng4 9. Bxg7 Kxg7 10. Qc1 e5 11. h3 e4 12. hxg4 exf3 13. Bxf3 Be6 14. Nd2 h6 15. c4 Kh7 16. f5 gxf5 17. gxf5 Bxf5 18. Bxd5 Qg5 19. Rxf5 Qxe3+ 20. Kh1 Nd4 21. Qf1 Nxf5 22. Qxf5+ Kg7 23. Ne4 Rae8 24. Rf1 f6 25. Nxf6 Re5 26. Qh7# 1-0

[Event "Hampshire Major"]
[Site "Eastleigh"]
[Date "2012.11.17"]
[Round "3"]
[White "Wilson, Matthew R"]
[Black "Dore, Alexandre"]
[Result "1-0"]
[WhiteElo "1792"]
[BlackElo "1600"]
[PlyCount "109"]
[EventDate "2012.11.16"]
[EventType "swiss"]
[EventRounds "6"]
[EventCountry "ENG"]
[SourceTitle "BritBase"]
[Source "John Saunders"]
[SourceDate "2025.01.31"]
[SourceVersion "1"]
[SourceVersionDate "2025.01.31"]
[SourceQuality "1"]

1. Nf3 d5 2. g3 Bf5 3. Bg2 Nf6 4. O-O e6 5. c4 c6 6. d4 Nbd7 7. Nh4 Bg6 8. cxd5 cxd5 9. Nc3 Bb4 10. Bf4 a6 11. Rc1 Rc8 12. Nxg6 hxg6 13. Qd3 Qa5 14. a3 Bxc3 15. Rxc3 Rxc3 16. Qxc3 Qxc3 17. bxc3 b5 18. Bd6 Nb6 19. Rb1 Na4 20. Bb4 Kd7 21. f3 Ra8 22. Ba5 Rc8 23. Rb3 g5 24. e4 g6 25. Kf2 g4 26. e5 gxf3 27. Bxf3 Ng8 28. Ke3 Ne7 29. Kd2 Nc6 30. Bb4 a5 31. Bd6 Na7 32. Be2 Kc6 33. Rb1 f5 34. h4 Nb6 35. Bc5 Ra8 36. Bxb6 Kxb6 37. a4 Kc7 38. Bxb5 Rb8 39. Bd3 Rxb1 40. Bxb1 Nc8 41. g4 Ne7 42. h5 gxh5 43. gxh5 Kd7 44. Ke3 Ke8 45. Kf4 Kf7 46. Kg5 Kg7 47. Bd3 Nc8 48. h6+ Kh7 49. Kf6 Kxh6 50. Kxe6 f4 51. Kxd5 Nb6+ 52. Kd6 Kg7 53. e6 Nc8+ 54. Kd7 Nb6+ 55. Kd8 1-0

[Event "Hampshire Major"]
[Site "Eastleigh"]
[Date "2012.11.17"]
[Round "4"]
[White "Agostinelli, David R"]
[Black "Foley, Phil T"]
[Result "1-0"]
[WhiteElo "1640"]
[BlackElo "1640"]
[PlyCount "51"]
[EventDate "2012.11.16"]
[EventType "swiss"]
[EventRounds "6"]
[EventCountry "ENG"]
[SourceTitle "BritBase"]
[Source "John Saunders"]
[SourceDate "2025.01.31"]
[SourceVersion "1"]
[SourceVersionDate "2025.01.31"]
[SourceQuality "1"]

1. c4 e6 2. g3 f5 3. Bg2 Nf6 4. Nc3 Be7 5. d3 O-O 6. e3 d6 7. Nge2 Na6 8. O-O c5 9. a3 Nc7 10. b4 d5 11. cxd5 cxb4 12. axb4 Nfxd5 13. Nxd5 Nxd5 14. Bxd5 Qxd5 15. Nf4 Qb5 16. Bd2 g5 17. Ra5 Qb6 18. Nh5 Bxb4 19. Bxb4 Qxb4 20. Qa1 Qe7 21. h3 b6 22. Re5 Bb7 23. Rxe6 Qd7 24. Nf6+ Rxf6 25. Qxf6 Qd8 26. Re7 1-0